Правила по охране труда и страхованию рабочих, переписка с министерством труда о разрешении созывов профессиональных съездов и д...

Доступно только в Электронных читальных залах Найти на картеНа карте
RUSMARC
00003788nac2a22002413x 450
001b4134b79-2bf8-496a-9de5-b867a7638418
00520190121203231.0
100##$a20181229l 1919k y0rusy50 ca
1010#$arus
102##$aRU
105##$ay z |||e|
2001#$aПравила по охране труда и страхованию рабочих, переписка с министерством труда о разрешении созывов профессиональных съездов и др. Постановление Временного правительства о местных комиссарах министерства труда
$j19 октября 1918 - 27 июня 1919
215##$a36 листов
251##$cДело
300##$aЧасть текста рукописная и машинописная, часть - напечатана типографским способом
300##$aНа папке дела: Август 1918 г. - 27 июня 1919 г.
461#0$10010f0e3429-2e37-4fb4-ace0-6332d350a692
$12001
$aМинистерство внутренних дел Российского правительства. Омск
$1251
$cФонд
$1852
$j1700
$gР
462#0$1001c9fb14fb-9a60-4dc0-bd7d-6b3b0819c0c0
$12001
$aДела канцелярии министра. 1918-1919 гг.
$vД. 20
$1251
$cОпись
$1852
$j1
60102$3RU\NLR\AUTH\8810247804
$aВременное Сибирское правительство
$bМинистерство внутренних дел
60102$aМинистерство труда
801#0$aRU
$bGA_RF
801#1$aRU
$bГлавНИВЦ
$c20181229
$2rusmarc
801#2$aRU
$bПБ им. Б.Н. Ельцина
$c20190121
$gRCR
$2rusmarc
852##$aГА РФ
$j20
937##$d123536299
$hПБ
035##$aRuPRLIB51054293
856##$uhttp://readingroom.main.prlib.ru/item.aspx?id_node=n123536299&mode=full
Формат отображения